Loading...
| Social Science | 1 | 6 | 0 | 1 | 75 | 64 | 95.57 | 0 | 5 | 0.00 | 0.00 |
| History - European | 1 | 4 | 0 | 1 | 55 | 22 | 92.20 | 2 | 2 | 0.00 | 0.00 |
| Science - Other | 0 | 6 | 2 | 0 | 50 | 111 | 120.33 | 0 | 0 | 0.00 | 0.00 |
| Science - Biology | 0 | 5 | 0 | 1 | 50 | 106 | 120.80 | 0 | 1 | 0.00 | 0.00 |
| History - American | 1 | 3 | 0 | 1 | 45 | 91 | 100.50 | 1 | 1 | 0.00 | 0.00 |
| Beliefs | 1 | 3 | 1 | 1 | 40 | 56 | 109.50 | 1 | 1 | 0.00 | 0.00 |
| Fine Arts - Other Arts | 1 | 2 | 0 | 1 | 35 | 64 | 113.33 | 0 | 1 | 0.00 | 0.00 |
| Modern World | 1 | 2 | 1 | 1 | 30 | 69 | 89.33 | 0 | 1 | 0.00 | 0.00 |
| History - World | 0 | 3 | 1 | 2 | 25 | 104 | 121.00 | 0 | 1 | 0.00 | 0.00 |
| History - Other | 0 | 2 | 0 | 0 | 20 | 98 | 100.50 | 0 | 1 | 0.00 | 0.00 |
| Fine Arts - Classical Music and Opera | 0 | 2 | 0 | 0 | 20 | 127 | 130.00 | 0 | 0 | 0.00 | 0.00 |
| Science - Chemistry | 0 | 1 | 0 | 0 | 10 | 114 | 114.00 | 0 | 0 | 0.00 | 0.00 |
| Science - Physics | 0 | 1 | 0 | 0 | 10 | 122 | 122.00 | 0 | 0 | 0.00 | 0.00 |
| Geography | 0 | 1 | 1 | 0 | 5 | 90 | 90.00 | 0 | 0 | 0.00 | 0.00 |
| Other Academic | 0 | 1 | 2 | 0 | 0 | 90 | 90.00 | 0 | 1 | 0.00 | 0.00 |
| Literature - European | 0 | 0 | 1 | 0 | -5 | 0.00 | 0 | 0 | 0.00 | 0.00 | |
| Literature - American | 0 | 0 | 1 | 0 | -5 | 0.00 | 0 | 0 | 0.00 | 0.00 | |
| Literature - World | 0 | 0 | 1 | 0 | -5 | 0.00 | 0 | 0 | 0.00 | 0.00 |